| 000 | 02341nam0a2200361 4500 | ||
|---|---|---|---|
| 001 | RU\NLR\BIBL_A\010586322 | ||
| 005 | 20250614075258.0 | ||
| 010 |
_a5-89136-001-2 _91000 |
||
| 035 | _a(NLR Aleph) 010586322 | ||
| 090 |
_a10483877 _c10483877 |
||
| 100 | _a20150116d1996 |||y0rusy50 ca | ||
| 101 | 0 | _arus | |
| 102 | _aRU | ||
| 105 | _aabh|z|||001yy | ||
| 200 | 1 |
_aКарты земель российских: очерк истории географического изучения и картографирования нашего отечества _fА.В. Постников _g[коммент. к ил.: Н.Е. Котельникова, Л.Н. Зинчук _gРос. гос. б-ка, ОНЭКСИМ банк] |
|
| 210 |
_aМосква _cНаш дом - L'Age d'Homme _d1996 |
||
| 215 |
_a192, [1] с. _cцв. ил., карт., портр., факс. _d30 |
||
| 225 | 1 |
_aКультурное наследие России _eиз собраний Российской государственной библиотеки |
|
| 225 | 1 |
_aСерия книг "Культурное наследие России" - совместный издательский проект Российской государственной библиотеки (РГБ) и Объединенного экспортно-импртного банка (ОНЭКСИМ банка) _fредкол.: В.Л. Янин [и др.] |
|
| 300 | _aНа корешке только загл. 1-й сер. | ||
| 300 | _aВ конце текста авт.: А.В. Постников д.т.н., чл.-корр. Рос. акад. наук | ||
| 309 | _aВложено в футляр | ||
| 320 | _aБиблиогр. в подстроч. примеч. | ||
| 320 | _aАннот. указ. имен: с. 174-192 | ||
| 606 | 1 |
_aКартография _xИстория _yРоссия _92319190 _3RU\NLR\AUTH\661387544 |
|
| 607 |
_aРоссия _xГеографические карты _91412097 _3RU\NLR\AUTH\66283442 |
||
| 686 | 1 | _aД171.819(2) | |
| 686 | 1 | _aД17г(2) | |
| 700 | 1 |
_7ca _8rus _aПостников _bА. В. _cд--р техн. наук, картография _f1939- _gАлексей Владимирович _9200179 _3RU\NLR\AUTH\770200230 |
|
| 942 | _cBOOK | ||
| 980 | _aNB | ||